MARC

LEADER 00000nam0a2200000 4500
001 131210
005 20231031134241.0
035 |a (RuTPU)RU\TPU\book\142107 
090 |a 131210 
100 |a 20080214d1977 m y0rusy50 ca 
101 0 |a rus 
102 |a RU 
105 |a y z 001zy 
200 1 |a Воде быть чистой  |f Ю. В. Новиков 
210 |a Москва  |c Московский рабочий  |d 1977 
215 |a 128 с. 
320 |a Библиогр.: с. 127. 
610 1 |a вода 
610 1 |a природные воды 
610 1 |a водоснабжение 
610 1 |a источники 
610 1 |a водопроводные станции 
610 1 |a качество 
610 1 |a питьевая вода 
610 1 |a загрязнение 
675 |a 551.48  |v 3 
700 1 |a Новиков  |b Ю. В.  |g Юрий Владимирович 
801 1 |a RU  |b 63413507  |c 20080214  |g PSBO 
801 2 |a RU  |b 63413507  |c 20081210  |g PSBO 
942 |c BK